书目信息 |
| 题名: |
物业管理公共关系
|
|
| 作者: | 陈瑛 主编 | |
| 分册: | ||
| 出版信息: | 重庆 重庆大学出版社 2005.02 |
|
| 页数: | 204页 | |
| 开本: | 24cm | |
| 丛书名: | 高等职业教育物业管理专业系列教材 | |
| 单 册: | ||
| 中图分类: | F293.33 | |
| 科图分类: | ||
| 主题词: | 物业管理--公共关系学--高等学校--技术学校--教材 | |
| 电子资源: | ||
| ISBN: | 7-5624-3326-7 | |
| 000 | 01018nam 2200253 450 | |
| 001 | 010263996827 | |
| 005 | 20051014151446.78 | |
| 010 | @a7-5624-3326-7@dCNY17.50 | |
| 100 | @a20050519d2005 km y0chiy0120 ea | |
| 101 | 0 | @achi |
| 102 | @aCN@b510000 | |
| 105 | @ay a 000yy | |
| 200 | 1 | @a物业管理公共关系@Awu ye guan li gong gong guan xi@f陈瑛主编@Fchen ying zhu bian |
| 210 | @a重庆@c重庆大学出版社@d2005.02 | |
| 215 | @a204页@d24cm | |
| 225 | 2 | @a高等职业教育物业管理专业系列教材 |
| 320 | @a有书目。 | |
| 330 | @a本书主要内容共分为五大部分:第一部分为物业管理公共关系的产生、研究对象、研究方法;第二部分为物业管理组织面临的各种内外关系及不同类型的物业管理公共关系;第三部分为物业管理公共关系程序;第四部分为物业管理公共关系具体实务和方法;第五部分为物业管理公共关 | |
| 410 | 0 | @12001 @a高等职业教育物业管理专业系列教材 |
| 606 | 0 | @a物业管理@x公共关系学@x高等学校@x技术学校@j教材 |
| 690 | @aF293.33@v4 | |
| 701 | 0 | @a陈瑛@Achen ying@4主编 |
| 801 | 0 | @aCN@bQSSK@c20051014 |
| 905 | @a10447@dF293.33@eC632 | |
| 物业管理公共关系/陈瑛主编.-重庆:重庆大学出版社,2005.02 |
| 204页;24cm.-(高等职业教育物业管理专业系列教材) |
| ISBN 7-5624-3326-7:CNY17.50 |
| 本书主要内容共分为五大部分:第一部分为物业管理公共关系的产生、研究对象、研究方法;第二部分为物业管理组织面临的各种内外关系及不同类型的物业管理公共关系;第三部分为物业管理公共关系程序;第四部分为物业管理公共关系具体实务和方法;第五部分为物业管理公共关 |
| ● |
| 相关链接 |
|
|
|
正题名:物业管理公共关系
索取号:F293.33/C632
 
预约/预借
| 序号 | 登录号 | 条形码 | 馆藏地/架位号 | 状态 | 备注 |
| 1 | 574356 | 205743560 | 社科库409/409社科库 104排1列6层/ [索取号:F293.33/C632] | 在馆 | |
| 2 | 574357 | 205743579 | 社科库409/409社科库 104排1列6层/ [索取号:F293.33/C632] | 在馆 | |
| 3 | 574358 | 205743588 | 社科库409/409社科库 104排1列6层/ [索取号:F293.33/C632] | 在馆 |